| 000 | 01840cam a22003371 4500 | ||
|---|---|---|---|
| 001 | pa 61000012 | ||
| 003 | DLC | ||
| 005 | 20260227111855.0 | ||
| 008 | 750722s1960 xx 100 0 spa | ||
| 010 | _apa 61000012 | ||
| 035 | _a(OCoLC)1467506 | ||
| 040 |
_aDLC _cFU _dDLC |
||
| 042 | _apremarc | ||
| 043 |
_an-mx--- _anc----- |
||
| 050 | 0 | 0 |
_aF1434 _b.S95 1955a |
| 111 | 2 |
_aSymposium on Middle American Anthropology _d(1955 : _cBoston) |
|
| 245 | 1 | 0 |
_aAntropología de Mesoamérica. _b[Symposium de la Américan Anthropological Association] _cEd. de Gordon R. Willey, Evon Z. Vogt y Angel Palerm. |
| 260 |
_aWashington, _bUnión Panamericana, _c1960. |
||
| 300 |
_a2 v. _c25cm. |
||
| 490 | 1 | _aEstudios monográficos, 5 y 10 | |
| 500 | _aIssued also in English. | ||
| 504 | _aIncludes bibliographies. | ||
| 505 | 0 | _av. 1. La arqueología mesoamericana desde 1906, por A. Kidder. Las secuencias regionales en Mesoamérica y sus relaciones, por G. F. Ekholm. Estudios sobre arte mesoamericano, por T. Proskouriakoff. Investigaciones sobre la escritura jeroglífica Maya, por J.E.S. Thompson.--v. 2. Lingüística mesoamericana: 1955, por N.A. McQuown. Etnografía mesoamericana, por P. Carrasco. Antropología aplicada en Mexico, por A. Caso y G. Aguirre Beltrán. Teoría en etnología mesoamericana, por J. Guillin. El problema de la subsistencia en la historia mesoamericana, por H. Aschmann. | |
| 650 | 0 |
_aIndians of Mexico _vCongresses. |
|
| 650 | 0 |
_aIndians of Central America _vCongresses. |
|
| 651 | 0 |
_aMexico _xAntiquities _vCongresses. |
|
| 651 | 0 |
_aCentral America _xAntiquities _vCongresses. |
|
| 700 | 1 |
_aWilley, Gordon R. _q(Gordon Randolph), _d1913-2002, _eed. |
|
| 710 | 2 | _aAmerican Anthropological Association. | |
| 810 | 2 |
_aPan American Union. _bSocial Science Section. _tEstudios monográficos ; _v5 [etc.] |
|
| 999 |
_c51452 _d51452 |
||